| 000 | 00435cam a22001451 4500 | ||
|---|---|---|---|
| 082 |
_a621.3 _bMAY _cL-10, P-33, E-III |
||
| 100 | 1 |
_aMay, Edward. _941250 |
|
| 245 | 1 | 0 | _aIndustrial high frequency electric power. |
| 260 |
_aLondon, _bChapman & Hall, _c1949. |
||
| 300 |
_axi, 355 p. _bport., illus. _c23 cm. |
||
| 526 |
_a0 _b0 _c0 _d621_300000000000000_MAY |
||
| 650 | 0 |
_aInduction heating. _941251 |
|
| 650 | 0 |
_aMCE _9379 |
|
| 942 |
_2ddc _cBK |
||
| 999 |
_c545413 _d545413 |
||